Statistiques concernant Quelle péripétie pour quelle Desperate ? S3

Cliquez ici pour prendre le quiz!

Statistiques générales

  • Ce quiz a été pris 272 fois
  • Le résultat moyen est 50 sur 54

Statistiques - réponses

PéripétiesDesperate% Correct
Est mise dans sa baignoire par sa belle mèreBree
98%
À un admirateur secret qui lui offre des cadeauxGabrielle
98%
Tombe d'une echelleBree
97%
Voit sa belle-mère pas si sénile que ça, habiter chez elleBree
97%
Annonce qu'elle se fiance lors d'un déjeuner en gants blancsBree
97%
Détruit sa maison en se fâchant avec son mariGabrielle
96%
Tombe sous le charme d'un certain Rick ColettiLynette
96%
Voit une Norah rentrer dans sa vieLynette
95%
Part en voyage en EuropeBree
94%
S'introduit dans une chambre d'hôtel pour aller chercher sa filleBree
94%
Va voir un corps à la morgueBree
94%
Aide son mari à l'ouverture de son restaurantLynette
94%
Est obligée de voir une psy après avoir agressé un homme sur un parkingSusan
94%
Ecrit ses cartes de voeux de Noël très en avanceBree
93%
Découvre des photos d'enfants à moitié nus dans une caveLynette
93%
Est joué aux poker par plusieurs hommesSusan
93%
Enferme une fleuriste dans son localGabrielle
92%
En week-end dans un SPA, retrouve un ancien amantGabrielle
92%
Voit son collier de perle s'exploser lors du mariage de BreeGabrielle
92%
Après une chute, apprend qu'elle a un cancerLynette
92%
Offre une poupée qui finit à la poubelleLynette
92%
Découvre sa mère sur le pas de la porte et l'hébergeLynette
92%
Est obligé de porter un t-shirt orange qu'elle n'affectionne pasLynette
92%
Se marie dans les boisSusan
92%
Appelle la police pour dénoncer le mari d'une copineSusan
92%
Vole des fringues dans un dressing qui n'est pas à elleGabrielle
91%
Se fait rentrer dedans par la voiture du maire de la villeGabrielle
91%
Passe une soirée d'anniversaire de mariage dans le froid car son mari l'a oubliéLynette
91%
Doit s'occuper de son mari, bloqué au lit à cause de son dosLynette
91%
Soudoie une équipe de baseballLynette
91%
Une Desperate qui devait partir en voyage à ParisSusan
91%
Fait une rencontre amoureuse à l'hôpitalSusan
91%
Est bourrée et vomi partout lors d'une soirée mondaineSusan
91%
Part dans les montagnes chercher l'homme qu'elle aimeSusan
91%
Rencontre l'ex femme recherchée de son mariBree
90%
À un orgasme pour la première fois de sa vieBree
90%
Est enceinte à la fin de cette saisonBree
90%
Se blesse la main en serrant trop fort un verreGabrielle
90%
Finit au commissariat pour avoir mis une petite tape sur l'épaule d'un policierGabrielle
90%
Entraîne des petites filles à un concoursGabrielle
90%
A passé la nuit avec Zach YoungGabrielle
90%
A commandé beaucoup trop de chaises pour bébéLynette
90%
Renvoie le neveu d'Edie BrittLynette
90%
Prend une balle dans l'épauleLynette
90%
Découvre les pilules contraceptives de sa fille dans le magnétoscopeSusan
90%
Passe plusieurs semaines à la campagneSusan
90%
Fait la connaissance d'un majordome dénommée RupertSusan
90%
A une mésaventure avec un policier de la ville à cause d'une amende de stationnementGabrielle
89%
Une demande en mariage lui est faite à l'inauguration de la pizzeriaSusan
89%
A un accident de voiture et finit dans un lacSusan
89%
Apporte un objet neuf au mariage de GabrielleBree
88%
Fait l'amour dans un ascenseurGabrielle
88%
Se fait renverser tout un plat chinois sur son corsageGabrielle
87%
Met le feu à sa belle-mèreSusan
87%

Distribution des résultats

Percentile par nombre de réponses

% des personnes avec chaque résultat

Votre développement - résultats

Vous n’avez pas pris ce quiz